Estudio acerca de la observación en la arquitectura

Gespeichert in:
Bibliographische Detailangaben
1. Verfasser: Cruz Covarrubias, Carlos Alberto (VerfasserIn)
Format: Buch
Sprache:Spanisch
Veröffentlicht: Valparaíso Universidad Católica de Valparaíso 1981
Schlagworte:
Tags: Tag hinzufügen
Keine Tags, Fügen Sie den ersten Tag hinzu!

MARC

LEADER 00000cam a2200000 a 4500
001 UCV9130
003 CL-VaPUC
005 20240701131849.0
008 920603e19810000CL |||||||||||||||||spa|d
999 |c 214513  |d 214511 
040 |c Pontificia Universidad Católica de Valparaíso 
082 0 4 |a 724.6  |b CRU  |2 21 
100 0 |a Cruz Covarrubias, Carlos Alberto  |e author  |9 303126 
245 1 0 |a Estudio acerca de la observación en la arquitectura 
260 |a Valparaíso  |b Universidad Católica de Valparaíso  |c 1981 
300 |a 41 p 
583 |a last modification  |c 20160901 11:09:41  |k Rodrigo Vera 
600 0 |a Cruz, Alberto  |9 881497  |d 1917 - 2013 
610 |a Escuela de Arquitectura y Diseño - Pontificia Universidad Católica de Valparaíso  |9 883992 
650 0 |a Arquitectura moderna   |v Siglo 20   |x Observación  |x Habitar  |x Composición  |x Colofón  |9 265427 
942 |c BK  |2 ddc 
945 |d 19920603 00:00:00 
952 |0 0  |1 0  |4 0  |6 724_600000000000000_CRU_1981  |7 0  |8 R  |9 197950  |a BIBARQ  |b BIBARQ  |d 2019-11-14  |i 2655713  |o 724.6 CRU 1981  |p 2655713  |r 2025-01-20  |w 2019-11-14  |y BK_R  |k ARQ 
952 |0 0  |1 0  |4 0  |6 724_600000000000000_CRU_1981  |7 0  |8 R  |9 197951  |a BIBARQ  |b BIBARQ  |d 2019-11-14  |i 3194876  |l 2  |o 724.6 CRU 1981  |p 3194876  |r 2025-01-20  |s 2023-09-08  |w 2019-11-14  |y BK_R  |k ARQ 
952 |0 0  |1 0  |4 0  |6 724_600000000000000_CRU_1981  |7 0  |8 A  |9 197952  |a BIBART  |b BIBART  |d 2019-11-14  |i 1206788  |o 724.6 CRU 1981  |p 1206788  |r 2025-03-13  |w 2019-11-14  |y BK  |k ART 
952 |0 0  |1 0  |4 0  |6 724_600000000000000_CRU_1981  |7 0  |8 A  |9 197953  |a BIBART  |b BIBART  |d 2019-11-14  |i 1206796  |o 724.6 CRU 1981  |p 1206796  |r 2025-03-13  |w 2019-11-14  |y BK  |k ART 
952 |0 0  |1 0  |4 0  |6 724_600000000000000_CRU_1981  |7 0  |8 A  |9 197954  |a BIBART  |b BIBART  |d 2019-11-14  |i 120680K  |o 724.6 CRU 1981  |p 120680K  |r 2025-03-13  |w 2019-11-14  |y BK  |k ART 
952 |0 0  |1 0  |4 0  |6 724_600000000000000_CRU_1981  |7 0  |8 X  |9 197955  |a FDOBUD  |b FDOBUD  |d 2019-11-14  |i 4672593  |o 724.6 CRU 1981  |p 4672593  |r 2019-11-14  |w 2019-11-14  |y BK_X  |k FHP 
952 |0 0  |1 0  |4 0  |6 724_600000000000000_CRU_1981  |7 0  |8 A  |9 197956  |a BIBART  |b BIBART  |d 2019-11-14  |i 4885635  |o 724.6 CRU 1981  |p 4885635  |r 2025-03-13  |w 2019-11-14  |y BK  |k ART 
952 |0 0  |1 0  |4 0  |6 724_600000000000000_CRU_1981  |7 0  |8 A  |9 197957  |a BIBART  |b BIBART  |d 2019-11-14  |i 4885643  |o 724.6 CRU 1981  |p 4885643  |r 2025-03-13  |w 2019-11-14  |y BK  |k ART 
952 |0 0  |1 0  |4 0  |6 724_600000000000000_CRU_1981  |7 0  |8 A  |9 197958  |a BIBART  |b BIBART  |d 2019-11-14  |i 4885651  |o 724.6 CRU 1981  |p 4885651  |r 2025-03-13  |w 2019-11-14  |y BK  |k ART 
952 |0 0  |1 0  |4 0  |6 724_600000000000000_CRU_1981  |7 0  |8 A  |9 197959  |a BIBART  |b BIBART  |d 2019-11-14  |i 488566K  |o 724.6 CRU 1981  |p 488566K  |r 2025-03-13  |w 2019-11-14  |y BK  |k ART 
952 |0 0  |1 0  |4 0  |6 724_600000000000000_CRU_1981  |7 0  |8 A  |9 197960  |a BIBART  |b BIBART  |d 2019-11-14  |i 4885678  |l 1  |o 724.6 CRU 1981  |p 4885678  |r 2025-03-13  |s 2024-04-09  |w 2019-11-14  |y BK  |k ART 
952 |0 0  |1 0  |4 0  |6 724_600000000000000_CRU_1981  |7 0  |8 A  |9 197961  |a BIBART  |b BIBART  |d 2019-11-14  |i 4885686  |o 724.6 CRU 1981  |p 4885686  |r 2025-03-13  |w 2019-11-14  |y BK  |k ART 
952 |0 0  |1 0  |4 0  |6 724_600000000000000_CRU_1981  |7 0  |8 A  |9 197962  |a BIBART  |b BIBART  |d 2019-11-14  |i 4885694  |o 724.6 CRU 1981  |p 4885694  |r 2025-03-13  |w 2019-11-14  |y BK  |k ART 
952 |0 0  |1 0  |4 0  |6 724_600000000000000_CRU_1981  |7 0  |8 A  |9 197963  |a BIBART  |b BIBART  |d 2019-11-14  |i 4885708  |o 724.6 CRU 1981  |p 4885708  |r 2025-03-13  |w 2019-11-14  |y BK  |k ART 
952 |0 0  |1 0  |4 0  |6 724_600000000000000_CRU_1981  |7 0  |8 A  |9 197964  |a BIBART  |b BIBART  |d 2019-11-14  |i 4885716  |o 724.6 CRU 1981  |p 4885716  |r 2025-03-13  |w 2019-11-14  |y BK  |k ART